000 00528nam a2200193Ia 4500
003 OSt
005 20251120155307.0
008 220917b |||||||| |||| 00| 0 eng d
037 _cTB
040 _aARTS
_cARTS
_beng
041 _2eng
_aeng
084 _aU426.73.N5 K4
_qAL
100 _aWittke, Carl
_994733
245 0 _aWe who bulit America:
_b a sage of the immigrant
260 _c1964
650 _aGEOGRAPHY
_9852701
942 _hU6426:73:N5 K4
_cTB
_2CC
_n0
999 _c213096
_d213096